Textbook on Operation Theater Technology (Record no. 1579)
[ view plain ]
| 000 -LEADER | |
|---|---|
| Fixed length control field | 00623nam a2200217Ia 4500 |
| 003 - CONTROL NUMBER IDENTIFIER | |
| Control field | IIN |
| 005 - DATE AND TIME OF LATEST TRANSACTION | |
| Control field | 20240129150838.0 |
| 008 - FIXED-LENGTH DATA ELEMENTS--GENERAL INFORMATION | |
| Fixed length control field | 231217s9999 xx 000 0 und d |
| 020 ## - INTERNATIONAL STANDARD BOOK NUMBER / ISBN | |
| Price | Rs.725.00 |
| International Standard Book Number | 9789386006554 |
| 040 ## - CATALOGING SOURCE | |
| Original cataloging agency | IIN |
| Language of cataloging | English |
| 082 ## - DEWEY DECIMAL CLASSIFICATION NUMBER | |
| Classification number | 610.73677 |
| Book Number | BHA |
| 100 1# - MAIN ENTRY--PERSONAL NAME | |
| Personal name | Bhagavan, D.C. |
| 245 1# - TITLE STATEMENT | |
| Title | Textbook on Operation Theater Technology |
| Statement of responsibility | D.C. Bhagavan, P.V. Ramachandran, Nisha Clement |
| 260 ## - IMPRINT | |
| Name of publisher | EMMESS |
| Place of publication | Bangalore |
| Date of publication | 2022 |
| 300 ## - PHYSICAL DESCRIPTION | |
| Page / Vol. No | xi, 443p. |
| 650 1# - SUBJECT ADDED ENTRY--TOPICAL TERM | |
| Topical term | Medical Surgical |
| Form subdivision | Nursing |
| 650 1# - SUBJECT ADDED ENTRY--TOPICAL TERM | |
| Topical term | Surgical Technology |
| 700 1# - ADDED ENTRY--PERSONAL NAME | |
| Personal name | Ramachandran, P.V. |
| 700 1# - ADDED ENTRY--PERSONAL NAME | |
| Personal name | Clement, Nisha |
| 942 ## - ADDED ENTRY ELEMENTS (KOHA) | |
| Koha item type | Books |
| Withdrawn status | Lost status | Damaged status | Not for loan | Collection code | Home library | Current library | Date acquired | Price | Total Checkouts | Call number | Accession number | Date last seen | Price effective from | Koha item type | Source of classification | Shelving location |
|---|---|---|---|---|---|---|---|---|---|---|---|---|---|---|---|---|
| IDEAL INSTITUTE OF NURSING | IDEAL INSTITUTE OF NURSING | 17/12/2023 | 725.00 | 610.73677 BHA | 1573 | 17/12/2023 | 17/12/2023 | Books | ||||||||
| IDEAL INSTITUTE OF NURSING | IDEAL INSTITUTE OF NURSING | 17/12/2023 | 725.00 | 610.73677 BHA | 1574 | 17/12/2023 | 17/12/2023 | Books | ||||||||
| IDEAL INSTITUTE OF NURSING | IDEAL INSTITUTE OF NURSING | 17/12/2023 | 725.00 | 610.73677 BHA | 1575 | 17/12/2023 | 17/12/2023 | Books | ||||||||
| Purches Book | IDEAL INSTITUTE OF NURSING | IDEAL INSTITUTE OF NURSING | 14/04/2025 | 825.00 | 610.73677 BHA | 2127 | 09/09/2025 | 09/09/2025 | Books | Dewey Decimal Classification | General Stacks |
